HBR's 10 must reads on managing yourself

Stay engaged throughout your 50+-year work life. Tap into your deepest values. Solicit candid feedback. Replenish physical and mental energy. Balance work, home, community, and self. Spread positive energy throughout your organization. Rebound from tough times. Decrease distractibility and frenzy. D...

Deskribapen osoa

Gorde:
Xehetasun bibliografikoak
Formatua: Liburua
Hizkuntza:Undetermined
Argitaratua: Boston, Mass. Harvard Business Review Press 2010
Gaiak:
Etiketak: Etiketa erantsi
Etiketarik gabe, Izan zaitez lehena erregistro honi etiketa jartzen!
Thư viện lưu trữ: Trung tâm Học liệu Trường Đại học Cần Thơ
LEADER 00803nam a2200169Ia 4500
001 CTU_231226
008 210402s9999 xx 000 0 und d
082 |a 650.1 
082 |b H339 
245 0 |a HBR's 10 must reads on managing yourself 
260 |a Boston, Mass. 
260 |b Harvard Business Review Press 
260 |c 2010 
520 |a Stay engaged throughout your 50+-year work life. Tap into your deepest values. Solicit candid feedback. Replenish physical and mental energy. Balance work, home, community, and self. Spread positive energy throughout your organization. Rebound from tough times. Decrease distractibility and frenzy. Delegate and develop employees' initiative. 
650 |a Quản lý,Management 
910 |b dqhieu 
980 |a Trung tâm Học liệu Trường Đại học Cần Thơ